000 00733nam a2200253Ia 4500
003 OSt
005 20220925203950.0
006 a|||||r|||| 00| 0
007 ta
008 220923b |||||||| |||| 00| 0 eng d
037 _cGeneral Book
040 _aRTL
_cRTL
_beng
041 _2eng
_aeng
082 _aX:89Q8, N7
100 _aLindsey William M
_9267444
245 0 _aTotal quality and organization development
260 _aFlorida
_bSt. Lucie press
_c1997
300 _axvii, 390p.
_ccm.
490 _aTotal Quality Series
650 _aQuality Control
700 _a Petrick Joseph A
_9267445
942 _hX:89Q8, N7
_cGB
_2CC
999 _c548222
_d548222